00837nam a2200229Ia 4500003000900000008004100009020001800050040001600068080002200084111009900106245016700205260005800372300001500430490003400445650001700479650001900496650002000515650001200535650001700547700002100564700002200585IN-BaIIA211028s9999 xx 000 0 eng d a1-58381-085-4 cIIA Library a082.2:52bASP-247 aConference Spectroscopic Challenges of Photoionized PlasmascKentucky, U.S.A.d2000 Nov. 13-17 0aSpectroscopic challenges of photoionized plasmasbproceedings of a conference held in Kentucky, U.S.A., November 13-17, 2000cedited by G. Ferland and D. W. Savin aCaliforniabAstronomical Society of the Pacificc2001 axiv, 556p. aASP conference series; v. 247 aAstrophysics aAtomic physics aPhotoionisation aPlasams aSpectroscopy aFerland, G., ed. aSavin, D. W., ed.